[Event "ZH-2022-0-02060"]
[Site "LSS email"]
[Date "2022.06.12"]
[Round "?"]
[White "Jordan, Miguel"]
[Black "Ozen, Bahadir"]
[Result "1/2-1/2"]
[WhiteElo "2177"]
[BlackElo "2219"]
[PlyCount "25"]
[EventDate "2022.06.12"]
[EventType "match (corr)"]
[EventRounds "2"]
[EventCountry "GER"]
[SourceTitle "Corr 2024"]
[Source "ChessBase"]
[SourceDate "2023.10.19"]
[SourceVersion "1"]
[SourceVersionDate "2023.10.19"]
[SourceQuality "1"]

1. d4 d5 2. c4 dxc4 3. e4 b5 4. a4 c6 5. axb5 cxb5 6. Nc3 Qb6 7. b3 e6 8. bxc4 Bb4 9. Bd2 bxc4 10. Bxc4 Ne7 11. Nf3 0-0 12. 0-0 a5 13. Re1 1/2-1/2

[Event "ZH-2022-0-02059"]
[Site "LSS email"]
[Date "2022.06.11"]
[Round "?"]
[White "Jordan, Miguel"]
[Black "Ozen, Bahadir"]
[Result "1/2-1/2"]
[WhiteElo "2177"]
[BlackElo "2219"]
[PlyCount "33"]
[EventDate "2022.06.10"]
[EventType "match (corr)"]
[EventRounds "2"]
[EventCountry "GER"]
[SourceTitle "Corr 2024"]
[Source "ChessBase"]
[SourceDate "2023.10.19"]
[SourceVersion "1"]
[SourceVersionDate "2023.10.19"]
[SourceQuality "1"]

1. e4 c6 2. d4 d5 3. e5 Bf5 4. Nf3 e6 5. Be2 c5 6. Be3 Qb6 7. Nc3 Nc6 8. 0-0 Qxb2 9. Qe1 cxd4 10. Bxd4 Nxd4 11. Nxd4 Bb4 12. Rb1 Bxc3 13. Rxb2 Bxe1 14. Rxe1 b6 15. Bb5+ Kf8 16. Nxf5 exf5 17. Rb3 1/2-1/2

[Event "ZH-2022-0-02037"]
[Site "LSS email"]
[Date "2022.05.10"]
[Round "?"]
[White "Ozen, Bahadir"]
[Black "Jordan, Miguel"]
[Result "1/2-1/2"]
[WhiteElo "2229"]
[BlackElo "2169"]
[PlyCount "24"]
[EventDate "2022.05.10"]
[EventType "match (corr)"]
[EventRounds "2"]
[EventCountry "GER"]
[SourceTitle "Corr 2024"]
[Source "ChessBase"]
[SourceDate "2023.10.19"]
[SourceVersion "1"]
[SourceVersionDate "2023.10.19"]
[SourceQuality "1"]

1. Nf3 Nf6 2. c4 e6 3. Nc3 d5 4. d4 c6 5. e3 Nbd7 6. Qc2 Bd6 7. Bd3 0-0 8. 0-0 dxc4 9. Bxc4 b5 10. Bd3 Bb7 11. a3 Rc8 12. Ng5 Bxh2+ 1/2-1/2

[Event "ZH-2022-0-02036"]
[Site "LSS email"]
[Date "2022.05.06"]
[Round "?"]
[White "Jordan, Miguel"]
[Black "Ozen, Bahadir"]
[Result "1/2-1/2"]
[WhiteElo "2167"]
[BlackElo "2236"]
[PlyCount "40"]
[EventDate "2022.05.05"]
[EventType "match (corr)"]
[EventRounds "2"]
[EventCountry "GER"]
[SourceTitle "Corr 2024"]
[Source "ChessBase"]
[SourceDate "2023.10.19"]
[SourceVersion "1"]
[SourceVersionDate "2023.10.19"]
[SourceQuality "1"]

1. e4 c5 2. d4 cxd4 3. c3 Nf6 4. e5 Nd5 5. Nf3 Nc6 6. cxd4 d6 7. Bc4 Nb6 8. Bb5 dxe5 9. Nxe5 Bd7 10. Nxd7 Qxd7 11. Nc3 e6 12. 0-0 a6 13. Bxc6 Qxc6 14. Be3 Nd5 15. Rc1 Be7 16. Qf3 Nxc3 17. Qxc6+ bxc6 18. Rxc3 Kd7 19. Rfc1 Rhc8 20. b3 a5 1/2-1/2

[Event "ZH-2022-0-02034"]
[Site "LSS email"]
[Date "2022.05.04"]
[Round "?"]
[White "Ozen, Bahadir"]
[Black "Jordan, Miguel"]
[Result "1/2-1/2"]
[WhiteElo "2253"]
[BlackElo "2169"]
[PlyCount "45"]
[EventDate "2022.05.04"]
[EventType "match (corr)"]
[EventRounds "2"]
[EventCountry "GER"]
[SourceTitle "Corr 2024"]
[Source "ChessBase"]
[SourceDate "2023.10.19"]
[SourceVersion "1"]
[SourceVersionDate "2023.10.19"]
[SourceQuality "1"]

1. Nf3 Nf6 2. g3 d5 3. Bg2 c5 4. 0-0 e6 5. c4 d4 6. e3 Nc6 7. d3 Bd6 8. exd4 cxd4 9. Bg5 h6 10. Bxf6 Qxf6 11. Nbd2 Qe7 12. a3 a5 13. Ne4 Bc7 14. b4 axb4 15. axb4 Rxa1 16. Qxa1 f5 17. Nc5 0-0 18. Rb1 Nxb4 19. Rxb4 Qxc5 20. Rb5 Qd6 21. Qxd4 Rd8 22. Qxd6 Rxd6 23. Ne1 1/2-1/2

[Event "ZH-2022-0-02020"]
[Site "LSS email"]
[Date "2022.04.20"]
[Round "?"]
[White "Jordan, Miguel"]
[Black "Ozen, Bahadir"]
[Result "1/2-1/2"]
[WhiteElo "2171"]
[BlackElo "2257"]
[PlyCount "27"]
[EventDate "2022.04.20"]
[EventType "match (corr)"]
[EventRounds "2"]
[EventCountry "GER"]
[SourceTitle "Corr 2024"]
[Source "ChessBase"]
[SourceDate "2023.10.19"]
[SourceVersion "1"]
[SourceVersionDate "2023.10.19"]
[SourceQuality "1"]

1. e4 e5 2. Nf3 Nc6 3. Bc4 Bc5 4. 0-0 Nf6 5. d3 d6 6. Nc3 Na5 7. Bg5 Nxc4 8. dxc4 c6 9. Na4 h6 10. Bxf6 Qxf6 11. Nxc5 dxc5 12. Ne1 0-0 13. Nd3 b6 14. b3 1/2-1/2

[Event "ZH-2022-0-02016"]
[Site "LSS email"]
[Date "2022.04.18"]
[Round "?"]
[White "Ozen, Bahadir"]
[Black "Jordan, Miguel"]
[Result "1/2-1/2"]
[WhiteElo "2257"]
[BlackElo "2171"]
[PlyCount "36"]
[EventDate "2022.04.18"]
[EventType "match (corr)"]
[EventRounds "2"]
[EventCountry "GER"]
[SourceTitle "Corr 2024"]
[Source "ChessBase"]
[SourceDate "2023.10.19"]
[SourceVersion "1"]
[SourceVersionDate "2023.10.19"]
[SourceQuality "1"]

1. d4 Nf6 2. c4 e6 3. Nf3 d5 4. Nc3 c6 5. e3 Nbd7 6. Qc2 Bd6 7. Bd3 0-0 8. 0-0 dxc4 9. Bxc4 a6 10. Rd1 b5 11. Bd3 Bb7 12. Ng5 h6 13. Nge4 Bb8 14. b4 a5 15. bxa5 Rxa5 16. Rb1 Nxe4 17. Nxe4 f5 18. Nd2 Ra7 1/2-1/2

[Event "OP-2020-0-05069"]
[Site "LSS email"]
[Date "2020.12.17"]
[Round "?"]
[White "Jordan, Miguel"]
[Black "Tylecek, Drahomir"]
[Result "1/2-1/2"]
[WhiteElo "2027"]
[BlackElo "2051"]
[PlyCount "27"]
[EventDate "2020.12.16"]
[EventType "tourn (corr)"]
[EventRounds "4"]
[EventCountry "GER"]
[SourceTitle "Corr 2022"]
[Source "ChessBase"]
[SourceDate "2021.10.24"]
[SourceVersion "1"]
[SourceVersionDate "2021.10.24"]
[SourceQuality "1"]

1. e4 e5 2. Nf3 Nc6 3. Bc4 Nf6 4. d3 Be7 5. 0-0 d6 6. a3 0-0 7. h3 Be6 8. Bxe6 fxe6 9. b4 Qe8 10. Be3 d5 11. Nbd2 a6 12. Bg5 Qg6 13. Re1 d4 14. Nf1 1/2-1/2

[Event "OP-2020-0-05069"]
[Site "LSS email"]
[Date "2020.12.17"]
[Round "?"]
[White "Reyes Sablon, Alberto"]
[Black "Jordan, Miguel"]
[Result "1/2-1/2"]
[WhiteElo "2152"]
[BlackElo "2027"]
[PlyCount "49"]
[EventDate "2020.12.16"]
[EventType "tourn (corr)"]
[EventRounds "4"]
[EventCountry "GER"]
[SourceTitle "Corr 2022"]
[Source "ChessBase"]
[SourceDate "2021.10.24"]
[SourceVersion "1"]
[SourceVersionDate "2021.10.24"]
[SourceQuality "1"]

1. d4 Nf6 2. c4 e5 3. dxe5 Ng4 4. Nf3 Bc5 5. e3 Nc6 6. a3 a5 7. Nc3 0-0 8. Ne4 Ba7 9. b4 Re8 10. Bb2 Ncxe5 11. h3 Nxf3+ 12. gxf3 Qh4 13. hxg4 Qxh1 14. Qd5 Qh6 15. g5 Qe6 16. Qxa5 Bd4 17. Qxa8 Bxb2 18. Rb1 Be5 19. Bd3 h6 20. gxh6 Qxh6 21. Ke2 f5 22. Nd2 f4 23. e4 d6 24. Qa5 c6 25. c5 1/2-1/2

[Event "OP-2020-0-05069"]
[Site "LSS email"]
[Date "2020.12.17"]
[Round "?"]
[White "Sorcinelli, Andrea"]
[Black "Jordan, Miguel"]
[Result "1/2-1/2"]
[WhiteElo "2310"]
[BlackElo "2027"]
[PlyCount "24"]
[EventDate "2020.12.16"]
[EventType "tourn (corr)"]
[EventRounds "4"]
[EventCountry "GER"]
[SourceTitle "Corr 2022"]
[Source "ChessBase"]
[SourceDate "2021.10.24"]
[SourceVersion "1"]
[SourceVersionDate "2021.10.24"]
[SourceQuality "1"]

1. e4 c5 2. Nc3 Nc6 3. Bb5 Nd4 4. Nf3 e6 5. 0-0 a6 6. Bd3 Nxf3+ 7. Qxf3 Bd6 8. Qe3 Qc7 9. f4 c4 10. Qg3 g5 11. Be2 gxf4 12. Qh4 Ne7 1/2-1/2

[Event "ZI-2018-0-02515"]
[Site "LSS email"]
[Date "2018.12.11"]
[Round "?"]
[White "Stancl, Vladimir"]
[Black "Jordan, Miguel"]
[Result "1/2-1/2"]
[WhiteElo "2064"]
[BlackElo "1695"]
[PlyCount "56"]
[EventDate "2018.11.26"]
[EventType "match (corr)"]
[EventRounds "2"]
[EventCountry "GER"]
[SourceTitle "Corr 2022"]
[Source "ChessBase"]
[SourceDate "2021.10.24"]
[SourceVersion "1"]
[SourceVersionDate "2021.10.24"]
[SourceQuality "1"]

1. d4 d5 2. c4 c6 3. Nc3 Nf6 4. e3 e6 5. Nf3 Nbd7 6. Bd3 dxc4 7. Bxc4 b5 8. Be2 Bb7 9. 0-0 Be7 10. a3 a5 11. b3 0-0 12. Bb2 b4 13. Na4 c5 14. axb4 axb4 15. Nd2 cxd4 16. Bxd4 Qb8 17. Nc4 Rd8 18. Qc2 Bd5 19. Bd3 Ng4 20. g3 g6 21. Be2 Ngf6 22. Rac1 Rc8 23. f3 e5 24. Bb2 Be6 25. Bd3 Qb7 26. Qf2 h5 27. h4 Qb8 28. Rfd1 Bf8 1/2-1/2

[Event "OP-2018-0-04686"]
[Site "LSS email"]
[Date "2018.12.07"]
[Round "?"]
[White "Jordan, Miguel"]
[Black "Reyes Sablon, Alberto"]
[Result "1/2-1/2"]
[WhiteElo "1711"]
[BlackElo "1748"]
[PlyCount "36"]
[EventDate "2018.11.29"]
[EventType "tourn (corr)"]
[EventRounds "4"]
[EventCountry "GER"]
[SourceTitle "Corr 2022"]
[Source "ChessBase"]
[SourceDate "2021.10.24"]
[SourceVersion "1"]
[SourceVersionDate "2021.10.24"]
[SourceQuality "1"]

1. e4 e6 2. d4 d5 3. Nd2 c5 4. Ngf3 Nc6 5. exd5 exd5 6. Bb5 Qe7+ 7. Be2 Qc7 8. 0-0 Nf6 9. Re1 cxd4 10. Nb3 Bb4 11. Bd2 Bxd2 12. Qxd2 0-0 13. Bd3 Bd7 14. Nbxd4 Rae8 15. c3 Bg4 16. h3 Bxf3 17. Nxf3 g6 18. g3 Kg7 1/2-1/2

[Event "OP-2018-0-04654"]
[Site "LSS email"]
[Date "2018.10.10"]
[Round "?"]
[White "Jordan, Miguel"]
[Black "Kolanek, Sylwia"]
[Result "1-0"]
[WhiteElo "1659"]
[BlackElo "2109"]
[PlyCount "149"]
[EventDate "2018.09.30"]
[EventType "tourn (corr)"]
[EventRounds "4"]
[EventCountry "GER"]
[SourceTitle "Corr 2022"]
[Source "ChessBase"]
[SourceDate "2021.10.24"]
[SourceVersion "1"]
[SourceVersionDate "2021.10.24"]
[SourceQuality "1"]

1. e4 c5 2. Nf3 d6 3. Nc3 Nc6 4. d4 cxd4 5. Nxd4 Nf6 6. Nb3 e5 7. f3 Be7 8. Be3 0-0 9. Qd2 a5 10. Bb5 Be6 11. Rd1 Na7 12. Bd3 Nc8 13. 0-0 Nb6 14. Rfe1 Nc4 15. Bxc4 Bxc4 16. a4 Be6 17. Qf2 Qc8 18. Rd2 Qc6 19. h3 Qc4 20. Nc1 Rfd8 21. Bb6 Rdc8 22. N1a2 Ra6 23. Be3 Rd8 24. b3 Qc8 25. Red1 h6 26. Kh2 Rd7 27. g3 Rd8 28. Qg2 Kh7 29. Rd3 g6 30. R1d2 Ra8 31. g4 Ra6 32. Qf2 Kg7 33. Nc1 Kh7 34. N1e2 Rc6 35. Bb6 Re8 36. Bxa5 h5 37. Qg2 Rg8 38. Bb4 Ne8 39. g5 f5 40. gxf6 Bxf6 41. Ng1 g5 42. Nb5 Qd7 43. Nxd6 Nxd6 44. Bxd6 Qg7 45. Kh1 g4 46. hxg4 hxg4 47. f4 exf4 48. Bxf4 Rf8 49. Ne2 Kg8 50. Kg1 Bc8 51. Ng3 Be7 52. Be3 Be6 53. Nf5 Bxf5 54. exf5 Rf7 55. Rd5 Qa1+ 56. Rd1 Qf6 57. R1d4 Rg7 58. Rxg4 Qa1+ 59. Kh2 Rxg4 60. Qxg4+ Kf8 61. c4 Qe1 62. Qg3 Qe2+ 63. Kg1 Qb2 64. Rd4 Kf7 65. Qg4 Qxb3 66. Qh5+ Kf8 67. Kf2 Qb1 68. Ke2 Qc2+ 69. Kf3 Rf6 70. Bh6+ Rxh6 71. Qxh6+ Ke8 72. f6 Qf5+ 73. Rf4 Qd3+ 74. Kg4 Qd1+ 75. Kf5 1-0

[Event "CP-2018-P-00033"]
[Site "LSS email"]
[Date "2018.09.27"]
[Round "?"]
[White "Meljnikova, Ekaterina"]
[Black "Jordan, Miguel"]
[Result "1/2-1/2"]
[WhiteElo "2190"]
[BlackElo "1659"]
[PlyCount "36"]
[EventDate "2018.10.01"]
[EventType "tourn (corr)"]
[EventRounds "6"]
[EventCountry "GER"]
[SourceTitle "Corr 2022"]
[Source "ChessBase"]
[SourceDate "2021.10.24"]
[SourceVersion "1"]
[SourceVersionDate "2021.10.24"]
[SourceQuality "1"]

1. e4 c5 2. Nf3 d6 3. d4 cxd4 4. Nxd4 Nf6 5. Nc3 Nc6 6. Bg5 e6 7. Qd2 Be7 8. 0-0-0 0-0 9. h4 Nxd4 10. Qxd4 Bd7 11. Kb1 Bc6 12. f3 a6 13. g4 d5 14. exd5 Nxd5 15. Nxd5 Bxd5 16. Qe3 Bxg5 17. hxg5 Bxa2+ 18. Kc1 Qa5 1/2-1/2

[Event "SE-2018-0-00284"]
[Site "LSS email"]
[Date "2018.09.25"]
[Round "?"]
[White "Grimm, Wolfgang"]
[Black "Jordan, Miguel"]
[Result "0-1"]
[WhiteElo "1561"]
[BlackElo "1625"]
[PlyCount "120"]
[EventDate "2018.08.11"]
[EventType "tourn (corr)"]
[EventRounds "6"]
[EventCountry "GER"]
[SourceTitle "Corr 2022"]
[Source "ChessBase"]
[SourceDate "2021.10.24"]
[SourceVersion "1"]
[SourceVersionDate "2021.10.24"]
[SourceQuality "1"]

1. Nc3 Nf6 2. e4 e5 3. Nf3 Nc6 4. Bb5 Bc5 5. 0-0 0-0 6. Nxe5 Nxe5 7. d4 Bd6 8. f4 Nc6 9. e5 Be7 10. exf6 Bxf6 11. d5 Ne7 12. Ne4 Nxd5 13. Qxd5 c6 14. Nxf6+ Qxf6 15. Qh5 cxb5 16. Qxb5 b6 17. Bd2 Qc6 18. Qd3 Bb7 19. Rf2 Rfe8 20. Re1 Rxe1+ 21. Bxe1 Re8 22. Bc3 Re4 23. a3 f6 24. Bd2 Qe6 25. f5 Qc6 26. Bb4 h5 27. b3 Rg4 28. Qe2 Re4 29. Qd2 d5 30. Qd3 d4 31. Bd2 Qd6 32. a4 Kh7 33. a5 bxa5 34. Bxa5 Re5 35. Qd2 Qc5 36. Bb4 Qb6 37. Ba3 a5 38. Bb2 Re4 39. Bc1 Ba6 40. g3 Qc6 41. Qd1 Bb7 42. Rf3 Re5 43. Kf2 Rc5 44. Bd2 Rxc2 45. Rf4 Rb2 46. Qxh5+ Kg8 47. Rxd4 Qg2+ 48. Ke1 Rb1+ 49. Bc1 Rxc1+ 50. Rd1 Qe4+ 51. Qe2 Qxe2+ 52. Kxe2 Bf3+ 53. Kxf3 Rxd1 54. Ke2 Rb1 55. g4 Rxb3 56. Kd2 a4 57. Kc2 Rb7 58. h4 a3 59. g5 a2 60. gxf6 a1Q 0-1

[Event "OP-2018-0-04609"]
[Site "LSS email"]
[Date "2018.06.28"]
[Round "?"]
[White "Jordan, Miguel"]
[Black "Misericordia, Antonio"]
[Result "1/2-1/2"]
[WhiteElo "1603"]
[BlackElo "2371"]
[PlyCount "130"]
[EventDate "2018.06.21"]
[EventType "tourn (corr)"]
[EventRounds "4"]
[EventCountry "GER"]
[SourceTitle "Corr 2022"]
[Source "ChessBase"]
[SourceDate "2021.10.24"]
[SourceVersion "1"]
[SourceVersionDate "2021.10.24"]
[SourceQuality "1"]

1. e4 c5 2. Nf3 Nc6 3. d4 cxd4 4. Nxd4 Nf6 5. Nc3 d6 6. Bg5 e6 7. Qd2 Be7 8. 0-0-0 0-0 9. f4 Nxd4 10. Qxd4 h6 11. Bh4 Qa5 12. Bc4 e5 13. fxe5 dxe5 14. Qd3 Bg4 15. Rdf1 Rac8 16. Bxf6 Bxf6 17. Kb1 Qd8 18. Nd5 Bh4 19. Qb3 Be6 20. g3 Be7 21. Rd1 Bc5 22. Qxb7 Rb8 23. Qa6 Qg5 24. c3 Kh8 25. Ka1 Rfc8 26. Be2 Qg6 27. Bf3 Qg5 28. Rhe1 Rd8 29. Qa5 Rbc8 30. Re2 Qf6 31. Rd3 Qg5 32. Re1 g6 33. Rdd1 Kg7 34. Be2 Bb6 35. Qa4 Rd6 36. Ba6 Rcd8 37. Bc4 Bg4 38. Rb1 Qd2 39. Rf1 f6 40. Nxb6 axb6 41. Qa7+ R8d7 42. Qb8 Be6 43. Bb5 Rd8 44. Qc7+ Bf7 45. h4 Ra8 46. a4 Rad8 47. Rbc1 h5 48. Rg1 Kf8 49. Bc4 R8d7 50. Qc8+ Rd8 51. Qa6 Qe3 52. Bxf7 Kxf7 53. Qc4+ Kg7 54. Ka2 Qf3 55. Rc2 Qg4 56. Ka3 Rd3 57. Rf2 Qd7 58. Rgf1 Rc8 59. Qb4 Rc6 60. Rf3 Rdd6 61. b3 Rd2 62. R3f2 Rd3 63. Rf3 Rd2 64. R3f2 Rd3 65. Rf3 Rd2 1/2-1/2

[Event "OP-2018-0-04609"]
[Site "LSS email"]
[Date "2018.06.28"]
[Round "?"]
[White "Jordan, Miguel"]
[Black "Swails, Lamarr"]
[Result "1-0"]
[WhiteElo "1603"]
[BlackElo "800"]
[PlyCount "20"]
[EventDate "2018.06.21"]
[EventType "tourn (corr)"]
[EventRounds "4"]
[EventCountry "GER"]
[SourceTitle "Corr 2022"]
[Source "ChessBase"]
[SourceDate "2021.10.24"]
[SourceVersion "1"]
[SourceVersionDate "2021.10.24"]
[SourceQuality "1"]

1. e4 e5 2. Nf3 f5 3. Nxe5 g6 4. Bc4 Nh6 5. d4 d6 6. Nf3 Nc6 7. Bg5 Qd7 8. Nc3 Nf7 9. Nd5 Bg7 10. exf5 gxf5 1-0

[Event "OP-2018-0-04609"]
[Site "LSS email"]
[Date "2018.06.28"]
[Round "?"]
[White "Tyutyunnik, Roman"]
[Black "Jordan, Miguel"]
[Result "0-1"]
[WhiteElo "2074"]
[BlackElo "1603"]
[PlyCount "100"]
[EventDate "2018.06.21"]
[EventType "tourn (corr)"]
[EventRounds "4"]
[EventCountry "GER"]
[SourceTitle "Corr 2022"]
[Source "ChessBase"]
[SourceDate "2021.10.24"]
[SourceVersion "1"]
[SourceVersionDate "2021.10.24"]
[SourceQuality "1"]

1. e4 d6 2. d4 Nf6 3. f3 g6 4. c4 Bg7 5. Nc3 0-0 6. Be3 c5 7. Nge2 Nc6 8. d5 Ne5 9. Ng3 e6 10. Be2 exd5 11. cxd5 a6 12. a4 h5 13. 0-0 Nh7 14. Qd2 h4 15. Nh1 f5 16. Nf2 Bd7 17. Kh1 Re8 18. Rg1 Nf7 19. Rge1 g5 20. g3 Qe7 21. Kg2 Rad8 22. Bd3 h3+ 23. Kh1 Ne5 24. Be2 g4 25. f4 Nf7 26. Bd3 Qf8 27. a5 Nh6 28. Rac1 Nf6 29. e5 dxe5 30. fxe5 Rxe5 31. Bc4 Bb5 32. Nxb5 axb5 33. Bxb5 Rdxd5 34. Bc4 Nf7 35. Nd3 Rxd3 36. Bxd3 Qd6 37. Bc4 Qc6+ 38. Kg1 Nd5 39. Bf2 Nc7 40. Bf1 Rd5 41. Qc2 Ng5 42. Qb3 Kh7 43. Qb6 Nf3+ 44. Kh1 Qd7 45. Re2 Re5 46. Rec2 Ne6 47. Qb5 Qf7 48. Qd3 b6 49. Bxh3 gxh3 50. Qxf3 Ng5 0-1

[Event "SE-2018-0-00278"]
[Site "LSS email"]
[Date "2018.06.20"]
[Round "?"]
[White "Grimm, Wolfgang"]
[Black "Jordan, Miguel"]
[Result "0-1"]
[WhiteElo "1547"]
[BlackElo "1603"]
[PlyCount "96"]
[EventDate "2018.03.31"]
[EventType "tourn (corr)"]
[EventRounds "6"]
[EventCountry "GER"]
[SourceTitle "Corr 2022"]
[Source "ChessBase"]
[SourceDate "2021.10.24"]
[SourceVersion "1"]
[SourceVersionDate "2021.10.24"]
[SourceQuality "1"]

1. Nf3 Nf6 2. d4 d5 3. e3 e6 4. Nc3 c5 5. Be2 Nbd7 6. 0-0 a6 7. a3 Qc7 8. h3 b5 9. a4 b4 10. Na2 c4 11. Bd2 Rb8 12. Qe1 a5 13. Qd1 Bd6 14. Kh1 0-0 15. Be1 Re8 16. b3 Ba6 17. Nd2 e5 18. Nf3 Qb6 19. dxe5 Nxe5 20. Nd4 Bc7 21. Rc1 Ng6 22. Rg1 Ne4 23. Bg4 Qf6 24. Qf3 Qd6 25. g3 Ne5 26. Qd1 Nxg4 27. Qxg4 Bc8 28. Qh4 Rb6 29. Nb5 Qd7 30. Qg4 Qe7 31. Qh4 Qc5 32. Nxc7 Qxc7 33. Qf4 Qb7 34. Rg2 Bxh3 35. Rh2 g5 36. Qf3 g4 37. Qd1 d4 38. f3 Ng5 39. e4 Nxf3 40. Qxf3 gxf3 41. Rxh3 cxb3 42. cxb3 Qxe4 43. Bf2 Qe2 44. Kg1 d3 45. Rh4 Rg6 46. g4 d2 47. Ra1 Re4 48. Rc1 d1Q+ 0-1

[Event "OP-2011-0-01739"]
[Site "LSS email"]
[Date "2011.08.23"]
[Round "?"]
[White "Moreira, Jose Americo Paiva"]
[Black "Jordan, Miguel"]
[Result "0-1"]
[WhiteElo "1750"]
[BlackElo "1266"]
[PlyCount "138"]
[EventDate "2011.08.21"]
[EventType "tourn (corr)"]
[EventRounds "4"]
[EventCountry "GER"]
[SourceTitle "Telechess CBM 157"]
[Source "ChessBase"]
[SourceDate "2013.11.12"]
[SourceVersion "1"]
[SourceVersionDate "2013.11.12"]
[SourceQuality "1"]

1. Nf3 c5 2. c4 Nc6 3. Nc3 e5 4. g3 g6 5. Bg2 Bg7 6. 0-0 Nge7 7. a3 d6 8. d3 0-0 9. Rb1 a5 10. Bd2 h6 11. Ne1 Be6 12. Nc2 d5 13. cxd5 Nxd5 14. Ne3 Nde7 15. Nc4 Rb8 16. Nb5 Nd5 17. Qc1 Kh7 18. Re1 b6 19. a4 Nd4 20. Nxd4 exd4 21. Be4 f5 22. Bf3 Qd7 23. Ra1 g5 24. Qc2 Bf7 25. Rad1 Rfe8 26. Rc1 Kh8 27. Qb3 Kg8 28. Rcd1 Kh7 29. Qc2 Bf6 30. Rf1 Kg7 31. Rfe1 Re6 32. Rc1 Rbe8 33. Ra1 h5 34. Qd1 g4 35. Bg2 h4 36. Bh1 h3 37. Qc2 Kg8 38. Qd1 R6e7 39. Rc1 Kh7 40. Rb1 Kg7 41. Rc1 Kg8 42. Bh6 Kh7 43. Bd2 Qd8 44. b3 Qd7 45. Rc2 Re6 46. Kf1 Bg6 47. Qc1 Qd8 48. Ra2 Kg7 49. Bh6+ Kh8 50. Bd2 Kh7 51. Rc2 Qd7 52. Ra2 Nc3 53. Bxc3 dxc3 54. Rd1 Rd8 55. Kg1 Qc7 56. Rf1 Qe7 57. Qc2 Bg7 58. Rd1 Kg8 59. Kf1 Qf6 60. Qc1 Rd7 61. Kg1 Re8 62. f4 Bf7 63. e3 Qd8 64. Bc6 Bxc4 65. Bxd7 Bxb3 66. Bxe8 Qxe8 67. Rf2 Bxd1 68. Qxd1 Qxe3 69. Qe2 Bd4 0-1

[Event "OP-2011-0-01654"]
[Site "LSS email"]
[Date "2011.07.12"]
[Round "?"]
[White "Jordan, Miguel"]
[Black "Kolanek, Roman"]
[Result "1/2-1/2"]
[WhiteElo "1244"]
[BlackElo "2037"]
[PlyCount "43"]
[EventDate "2011.07.09"]
[EventType "tourn (corr)"]
[EventRounds "4"]
[EventCountry "GER"]
[SourceTitle "Telechess CBM 151"]
[Source "ChessBase"]
[SourceDate "2012.11.13"]
[SourceVersion "1"]
[SourceVersionDate "2012.11.13"]
[SourceQuality "1"]

1. e4 c5 2. Nf3 d6 3. d4 cxd4 4. Nxd4 Nf6 5. Nc3 a6 6. Be3 e6 7. f3 Be7 8. Qd2 0-0 9. 0-0-0 b5 10. g4 Bb7 11. h4 b4 12. Na4 d5 13. g5 Nh5 14. Nb3 Ng3 15. Rg1 Nxf1 16. Rgxf1 Nd7 17. Kb1 Rc8 18. Qf2 Qc7 19. Nb6 Nxb6 20. Bxb6 Qb8 21. Ba7 Qf4 22. Bc5 1/2-1/2

[Event "OP-2011-0-01597"]
[Site "LSS email"]
[Date "2011.06.17"]
[Round "?"]
[White "Sukhorskij, Vladimir Stanislavo"]
[Black "Jordan, Miguel"]
[Result "1/2-1/2"]
[WhiteElo "2127"]
[BlackElo "1244"]
[PlyCount "96"]
[EventDate "2011.06.14"]
[EventType "tourn (corr)"]
[EventRounds "4"]
[EventCountry "GER"]
[SourceTitle "Telechess CBM 151"]
[Source "ChessBase"]
[SourceDate "2012.11.13"]
[SourceVersion "1"]
[SourceVersionDate "2012.11.13"]
[SourceQuality "1"]

1. e4 c5 2. Nf3 d6 3. d4 cxd4 4. Nxd4 Nf6 5. Nc3 a6 6. Be3 e5 7. Nb3 Be6 8. Be2 Be7 9. 0-0 0-0 10. Qd2 Nbd7 11. a4 Nb6 12. a5 Nc4 13. Bxc4 Bxc4 14. Rfd1 Rc8 15. Nc1 Qc7 16. Nd3 Be6 17. Bb6 Qc4 18. f3 Bd8 19. Bf2 Qc7 20. Ra3 Re8 21. Nb4 Be7 22. Raa1 h6 23. Bb6 Qc4 24. Na4 d5 25. Nxd5 Nxd5 26. exd5 Bd7 27. d6 Bg5 28. Qf2 e4 29. b3 Qb5 30. f4 Bd8 31. Bd4 e3 32. Bxe3 Bxa5 33. Rd3 Qf5 34. Nb6 Bxb6 35. Bxb6 Re4 36. Be3 Rce8 37. Rad1 Qe6 38. Bd4 f6 39. Qg3 b5 40. Bb6 Rc8 41. R3d2 Qf5 42. Rf1 b4 43. Qf3 Rc3 44. Qf2 Kh7 45. Bd4 Rc8 46. h3 Bb5 47. Ra1 Rxf4 48. Qg3 Re4 1/2-1/2

[Event "OP-2011-0-01565"]
[Site "LSS email"]
[Date "2011.05.31"]
[Round "?"]
[White "Jordan, Miguel"]
[Black "Bester, Kazimierz"]
[Result "1-0"]
[WhiteElo "1135"]
[BlackElo "598"]
[PlyCount "49"]
[EventDate "2011.05.28"]
[EventType "tourn (corr)"]
[EventRounds "4"]
[EventCountry "GER"]
[SourceTitle "Telechess CBM 151"]
[Source "ChessBase"]
[SourceDate "2012.11.13"]
[SourceVersion "1"]
[SourceVersionDate "2012.11.13"]
[SourceQuality "1"]

1. e4 d5 2. exd5 Qxd5 3. Nc3 Qa5 4. Nf3 Nf6 5. Be2 Bf5 6. Nd4 Bg6 7. Nb3 Qe5 8. d4 Qd6 9. Nc5 Qb6 10. N3a4 Qc6 11. Bf3 Nd5 12. c4 e6 13. cxd5 exd5 14. 0-0 Nd7 15. Re1+ Kd8 16. Bg5+ Nf6 17. Qb3 b6 18. Bxd5 Qd6 19. Nb7+ Kc8 20. Nxd6+ Bxd6 21. Bxf6 gxf6 22. Nc5 Rb8 23. Qb5 bxc5 24. Re8+ Rxe8 25. Qxe8# 1-0

[Event "ZN-2011-0-01527"]
[Site "LSS email"]
[Date "2011.05.28"]
[Round "?"]
[White "Hernandez, Orlando"]
[Black "Jordan, Miguel"]
[Result "1/2-1/2"]
[WhiteElo "947"]
[BlackElo "1023"]
[PlyCount "48"]
[EventDate "2011.05.26"]
[EventType "match (corr)"]
[EventRounds "2"]
[EventCountry "GER"]
[SourceTitle "Telechess CBM 145"]
[Source "Chessbase"]
[SourceDate "2011.11.11"]
[SourceVersion "1"]
[SourceVersionDate "2011.11.11"]
[SourceQuality "1"]

1. d4 Nf6 2. Nf3 g6 3. c4 Bg7 4. Nc3 c5 5. d5 d6 6. e4 Qa5 7. Bd2 Nbd7 8. Bd3 0-0 9. 0-0 Qc7 10. Re1 b6 11. Qc1 a6 12. a3 Re8 13. Bh6 Bxh6 14. Qxh6 Ng4 15. Qf4 Nge5 16. Rad1 Nxf3+ 17. gxf3 Rb8 18. h4 b5 19. cxb5 c4 20. Bc2 axb5 21. h5 b4 22. axb4 Rxb4 23. hxg6 fxg6 24. Rb1 Rf8 1/2-1/2